000 00668nas a2200241 4500
001 BR9202641
003 BR-BrBNA
005 20231205092525.0
007 ta
008 230509b bl.|||p| |||| 00| 00por d
040 _aBR-BrBNA
_bpor
_cBiblioteca Nacional de Agricultura
041 _a(Pt)
072 _aF30
100 1 _aCavalieri, I.
245 1 _aTrigo adaptado a solos acidos
650 _aTRIGO
650 _aLINHAGEM
650 _aMELHORAMENTO GENETICO VEGETAL
650 _aPRATICO
773 0 _tManchete Rural (Brazil)
_xISSN 0102-8901
_g(Feb 1991), v. 3(47) p. 11-12
_wBR9202641
909 _a202311
_bLúcia
_c55
_dLúcia Elande
942 _2AGRIS
_n0
_cANA
999 _c132344
_d132344